000 00972nam a22002297a 4500
999 _c9562
_d9562
003 AR-CdUCM
008 190328b ||||| |||| 00| 0 spa d
040 _aMUNICIPALIDAD PROVINCIAL DEL CUSCO
_cBIBLIOTECA MUNICIPAL DEL CUSCO
082 _a636.089 /
_bM12
100 _aMcDougall & Robertson, Cooper
_925842
245 _aControl de las garrapatas del ganado vacuno :
_bPreparado por miembros de la organización cooper de Investigaciones /
260 _aBerkhamsted,
_bCentro regional de ayuda tecnica,
_bAlianza el progreso,
_c1974.
300 _a63 paginas ;
_bilustraciones, graficos, dibujos,
_c25 cm.
505 _aContenido: ciclo de la vida de garrapatas -- garrapatas comunes -- transmision de enfermedades -- transmision de las garrapatas -- control de garrapatas
650 _aGarrapatas
_925843
650 _aResistencia
_95741
650 _aGanado
_922529
650 _aVacuno
_922555
650 _aAgricultura
_9320
942 _2ddc
_cLIBROS
945 _apjha